[Event "Elancourt op"]
[Site "Elancourt"]
[Date "2006.04.21"]
[Round "7"]
[White "Duval, Dominique"]
[Black "Galopin, Gregory"]
[Result "1/2-1/2"]
[WhiteElo "1846"]
[BlackElo "1260"]
[PlyCount "88"]
[EventDate "2006.04.16"]
[EventType "swiss"]
[EventRounds "9"]
[EventCountry "FRA"]
[SourceTitle "CBM 111 Extra"]
[Source "ChessBase"]
[SourceDate "2006.05.09"]
[SourceVersion "1"]
[SourceVersionDate "2006.05.09"]
[SourceQuality "1"]

1. d4 d5 2. Nf3 Nf6 3. Bf4 e6 4. e3 Nh5 5. Bg5 Be7 6. Bxe7 Qxe7 7. Nbd2 Nc6 8. Bb5 Bd7 9. Bxc6 Bxc6 10. Ne5 Nf6 11. Nxc6 bxc6 12. Qe2 Qb4 13. Rb1 0-0 14. 0-0 Rab8 15. c3 Qa5 16. a3 c5 17. Nf3 Rb3 18. Ne5 c4 19. f3 c5 20. e4 cxd4 21. Nc6 d3 22. Nxa5 dxe2 23. Rfe1 Rb6 24. exd5 exd5 25. Rxe2 Rfb8 26. Re7 Rxb2 27. Rxb2 Rxb2 28. Rxa7 g6 29. Nc6 Rc2 30. Ne5 Rxc3 31. Nxf7 Rc1+ 32. Kf2 c3 33. Nh6+ Kf8 34. Rf7+ Ke8 35. Rxf6 Rc2+ 36. Ke3 Rxg2 37. Ng4 c2 38. Rc6 h5 39. Nf6+ Kf7 40. Nxd5 Rxh2 41. Rf6+ Kg7 42. Rc6 h4 43. Nb4 h3 44. Nxc2 Rg2 1/2-1/2

[Event "Elancourt op"]
[Site "Elancourt"]
[Date "2006.04.19"]
[Round "5"]
[White "Anciant Grasdepot, Bernard"]
[Black "Galopin, Gregory"]
[Result "0-1"]
[WhiteElo "1570"]
[BlackElo "1260"]
[PlyCount "92"]
[EventDate "2006.04.16"]
[EventType "swiss"]
[EventRounds "9"]
[EventCountry "FRA"]
[SourceTitle "CBM 111 Extra"]
[Source "ChessBase"]
[SourceDate "2006.05.09"]
[SourceVersion "1"]
[SourceVersionDate "2006.05.09"]
[SourceQuality "1"]

1. e4 e5 2. Nf3 Nc6 3. Bb5 Bc5 4. c3 Nge7 5. d4 exd4 6. cxd4 Bb4+ 7. Nc3 a6 8. Ba4 0-0 9. 0-0 Bxc3 10. bxc3 b5 11. Bc2 d6 12. Bb2 Na5 13. a4 Nc4 14. Bc1 Bb7 15. Qd3 f5 16. d5 g6 17. Ng5 Qd7 18. Qh3 h5 19. Ne6 Rf7 20. Qg3 Ne5 21. Bg5 fxe4 22. Bxe7 Qxe7 23. Bxe4 Rf6 24. Rfe1 Kh7 25. axb5 axb5 26. Rxa8 Bxa8 27. Qg5 Rxe6 28. Qxh5+ Kg7 29. Qe2 Rf6 30. Kf1 Qd7 31. h4 c6 32. Ra1 cxd5 33. Bc2 Bc6 34. h5 Qg4 35. Ra7+ Rf7 36. h6+ Kf6 37. h7 Qh4 38. Rxf7+ Kxf7 39. h8N+ Qxh8 40. Qe3 Qh1+ 41. Ke2 Qxg2 42. Qa7+ Ke6 43. Qg7 Qf3+ 44. Kf1 Qf7 45. Qh6 Ng4 46. Qd2 Qxf2+ 0-1

[Event "Montigny le Bretonneux Noel op 08th"]
[Site "Montigny le Bretonneux"]
[Date "2005.12.27"]
[Round "3"]
[White "Velasquez, Rene"]
[Black "Galopin, Gregory"]
[Result "0-1"]
[WhiteElo "1330"]
[BlackElo "1499"]
[PlyCount "87"]
[EventDate "2005.12.26"]
[EventType "swiss"]
[EventRounds "7"]
[EventCountry "FRA"]
[SourceTitle "CBM 110 Extra"]
[Source "ChessBase"]
[SourceDate "2006.03.10"]
[SourceVersion "2"]
[SourceVersionDate "2006.03.10"]
[SourceQuality "1"]

1. c4 g6 2. Nc3 Bg7 3. d4 e6 4. g3 Ne7 5. Bg2 c6 6. Nf3 d5 7. cxd5 Nxd5 8. 0-0 Nxc3 9. bxc3 0-0 10. Bf4 c5 11. Be5 cxd4 12. Bxg7 Kxg7 13. cxd4 Nc6 14. e3 f6 15. Qa4 Bd7 16. Qc4 Na5 17. Qb4 Bc6 18. Rfc1 Rc8 19. Qb2 b6 20. Rc3 Bd5 21. Rac1 Rxc3 22. Rxc3 Rf7 23. Nd2 Bxg2 24. Kxg2 Rc7 25. Nb1 Rxc3 26. Qxc3 Qd5+ 27. f3 Qxa2+ 28. Kh3 Qxb1 29. e4 Qf1+ 30. Kg4 Qc4 31. Qe3 Nb3 32. h4 Nxd4 33. Qa3 f5+ 34. Kg5 h6+ 35. Kf4 Ne2+ 36. Ke5 Qc3+ 37. Qxc3 Nxc3 38. Kxe6 fxe4 39. fxe4 Nxe4 40. g4 b5 41. Kd5 Nf2 42. g5 hxg5 43. hxg5 Kf7 44. Kc5 0-1